banner-ar

الكوابل: الاوساط التراسلية والالوان الضوئية 5 / (Record no. 55716)

MARC details
000 -الفاتح
حقل البيانات ثابتة الطول 00695nam a2200181Ia 4500
008 - عناصر البيانات ثابتة الطول - معلومات عامة
حقل البيانات ثابتة الطول 140319s9999 xx 000 0 ara d
040 ## - مصدر الفهرسة
وكالة الفهرسة الأصلية GCL /
وكالة النسخ GCL
082 04 - رقم تصنيف ديوى العشرى
رقم التصنيف 621.38
رقم المادة ف ك
100 1# - المدخل الرئيسى - إسم شخصى
الإسم الشخصى فاروق سعيد حسين
245 10 - بيان العنوان
العنوان الكوابل: الاوساط التراسلية والالوان الضوئية 5 /
بيان المسئوليه,etc فاروق سعيد حسين
300 ## - الوصف المادى
التعداد 167 ص
490 ## - بيان السلسلة
عنوان السلسلة سلسلة علم الاتصالات والاجهزة الالكترونية
رقم المجلد/ التعيين التسلسلي 0
650 04 - المدخل الاضافى بالموضوع-مصطلح موضوعى
مصطلح موضوعي الاتصالات السلكية واللاسلكية
650 04 - المدخل الاضافى بالموضوع-مصطلح موضوعى
مصطلح موضوعي الاتصالات الالكترونية
942 ## - عناصر المدخل الإضافي( كوها)
مصدر التصنيف او مخطط الترفيف Dewey Decimal Classification
Koha [default] item type كتاب
260 ## - PUBLICATION, DISTRIBUTION, ETC. (IMPRINT)
-- [S.N] :
-- دار الراتب الجامعية
Holdings
حالة التراجع حالة الفقد حالة تلف ليس للاعارة المكان المؤقت الموقع الحالى تاريخ الاكتساب اجمالي اﻻعارات رقم الطلب الباركود تاريخ اخر مشاهدة تاريخ تفعيل السعر نوع وعاء كوها
        مكتبة القاهرة الكبرى مكتبة القاهرة الكبرى 03/26/2014   621.38\ف ك 133779 03/26/2014 03/26/2014 كتاب

Powered By

EGPV